| 000 | 00323 a2200133 4500 | ||
|---|---|---|---|
| 001 | 90 | ||
| 082 | _a629.132 BAR | ||
| 090 |
_c27 _d27 |
||
| 100 | _aBarnard, R. H. | ||
| 245 | _aAircraft flight, 3rd Ed | ||
| 250 | _a3 | ||
| 260 |
_aPearson Education Press _bPearson Education Press India _c2004 |
||
| 300 | _aix, 370 p. | ||
| 942 |
_aNUST-CAE _k629.132 BAR |
||
| 999 |
_c235163 _d235163 |
||